La literatura griega /

Guardado en:
Autor Principal: Inama, Virgilio
Formato: Libro
Publicado: Argentina : Ediciones del Tridente, 1946
Etiquetas: Agregar Etiqueta
Sin Etiquetas, Sea el primero en etiquetar este registro!
LEADER 00486nam a22001575a 4500
001 CEM.cems003399
005 19000101000000.0
008 130507s1946##################000#0#####d
003 CEMS
082 0 4 |a 880 
100 1 |a Inama, Virgilio 
245 1 0 |a La literatura griega /  |c Virgilio Inama 
260 |a Argentina :  |b Ediciones del Tridente,  |c 1946 
300 |a 250 p.1 
859 |a CEMS  |b BIB. CEMS - 11 de abril  |h 880  |i In1  |p 12120.83  |t Ej.1 
859 |a CEMS  |b BIB. CEMS - 11 de abril  |h 880  |i In1  |p 12121.83  |t Ej.2